000 00660nam a2200217Ia 4500
003 IN-BaIIA
008 211028s9999 xx 000 0 eng d
020 _a0-7204-0720-3
040 _cIIA Library
080 _a063:53
_bENF-65
245 0 _aPhysics and Astrophysics of Neutron Stars and Black Holes
_cedited by R. Giacconi and R. Ruffini.
260 _aNew York
_bD. Van Nostrand
_c1978
300 _axxv, 871p.
650 _aAstronomy and Astrophysics Thesaurus
650 _aAstrophysics
_9794
650 _aBlack Holes
_97728
650 _aNeutron Stars
_97729
700 _aGiacconi, R., ed.
_97475
700 _aRuffini, R., ed.
_910597
942 _cBK
999 _c6131
_d6131